[Event "Kaluga Tsiolkovsky Memorial op"]
[Site "Kaluga"]
[Date "2014.08.03"]
[Round "2"]
[White "Lopukhin, Anatoly Viktorovich"]
[Black "Sedenko, Anatoly Ivanovich"]
[Result "1-0"]
[WhiteElo "2329"]
[BlackElo "2023"]
[PlyCount "117"]
[EventDate "2014.08.02"]
[EventType "swiss"]
[EventRounds "8"]
[EventCountry "RUS"]
[SourceTitle "EXT 2023"]
[Source "ChessBase"]
[SourceDate "2022.10.05"]
[SourceVersion "1"]
[SourceVersionDate "2022.10.05"]
[SourceQuality "1"]

1. e4 c5 2. Nf3 e6 3. d4 cxd4 4. Nxd4 Nf6 5. Nc3 d6 6. g3 Be7 7. Bg2 0-0 8. 0-0 Nbd7 9. Ndb5 Ne5 10. Bg5 Ne8 11. Bxe7 Qxe7 12. f4 Nc6 13. Re1 a6 14. Nd4 Bd7 15. Nxc6 Bxc6 16. Qd4 b5 17. a4 e5 18. Nd5 Qa7 19. Qxa7 Rxa7 20. Nb4 Bd7 21. a5 exf4 22. gxf4 Bg4 23. Ra3 g6 24. Rg3 Bc8 25. Rd3 Rc7 26. c3 Bb7 27. e5 dxe5 28. fxe5 Bxg2 29. Kxg2 Ng7 30. Rd6 Ra8 31. Red1 Nf5 32. Rd8+ Rxd8 33. Rxd8+ Kg7 34. Ra8 Rd7 35. Rxa6 Rd2+ 36. Kf3 Rxb2 37. Rb6 Rb3 38. Nd5 Ra3 39. a6 b4 40. Nxb4 Rxc3+ 41. Ke4 Ra3 42. Nc6 Ne3 43. a7 Nc4 44. Rb8 Ra4 45. Rb4 Rxb4 46. Nxb4 Nb6 47. Nd5 Na8 48. Kd4 Kf8 49. Kc5 Ke8 50. Kc6 Kd8 51. Kb7 g5 52. Kxa8 Kc8 53. Nf6 h6 54. Ne8 h5 55. Nd6+ Kc7 56. Nxf7 g4 57. Nh6 Kc8 58. e6 Kc7 59. e7 1-0

[Event "Khanty-Mansiysk Governor Cup-B 8th"]
[Site "Khanty-Mansiysk"]
[Date "2012.11.18"]
[Round "4"]
[White "Semenova, Elena"]
[Black "Sedenko, Anatoly Ivanovich"]
[Result "0-1"]
[WhiteElo "2140"]
[BlackElo "2030"]
[PlyCount "56"]
[EventDate "2012.11.15"]
[EventType "swiss"]
[EventRounds "9"]
[EventCountry "RUS"]
[SourceTitle "CBM 151 Extra"]
[Source "ChessBase"]
[SourceDate "2012.12.18"]
[SourceVersion "1"]
[SourceVersionDate "2012.12.18"]
[SourceQuality "1"]

1. e4 e5 2. Nf3 Nc6 3. d4 exd4 4. Nxd4 Nxd4 5. Qxd4 Qf6 6. Qc4 Qc6 7. Nc3 Qxc4 8. Bxc4 Bb4 9. Bd2 c6 10. 0-0-0 b5 11. Bb3 a5 12. a4 bxa4 13. Nxa4 Nf6 14. Nb6 Rb8 15. Bxb4 axb4 16. Nc4 Ke7 17. Nd6 Ra8 18. Kb1 Ng4 19. Rd2 Nh6 20. g4 f6 21. h4 Ra5 22. Rhd1 Ra7 23. g5 fxg5 24. hxg5 Ng4 25. e5 g6 26. Rh1 h5 27. gxh6 Bb7 28. Nf7 Rha8 0-1

[Event "Khanty-Mansiysk Governor Cup 7th"]
[Site "Khanty-Mansiysk"]
[Date "2011.09.03"]
[Round "4"]
[White "Sedenko, Anatoly Ivanovich"]
[Black "Abramov, Alexander"]
[Result "0-1"]
[WhiteElo "2044"]
[BlackElo "2246"]
[PlyCount "74"]
[EventDate "2011.08.31"]
[EventType "swiss"]
[EventRounds "9"]
[EventCountry "RUS"]
[SourceTitle "CBM 144 Extra"]
[Source "ChessBase"]
[SourceDate "2011.10.28"]
[SourceVersion "1"]
[SourceVersionDate "2011.10.28"]
[SourceQuality "1"]

1. d4 d5 2. Nf3 Nf6 3. g3 c6 4. Bg2 Bf5 5. 0-0 e6 6. c4 Be7 7. Nc3 Nbd7 8. Qb3 Qb6 9. c5 Qxb3 10. axb3 0-0 11. b4 a6 12. h3 h6 13. g4 Bh7 14. g5 hxg5 15. Bxg5 Rfe8 16. h4 Bd8 17. Bf4 Ne4 18. Ng5 Nxc3 19. bxc3 Bf5 20. f3 f6 21. Nh3 e5 22. dxe5 fxe5 23. Bg5 e4 24. Bxd8 Raxd8 25. f4 Bxh3 26. Bxh3 Nf6 27. e3 Kf7 28. Rf2 Rh8 29. Rh2 Ke7 30. Bf5 Rh6 31. Rg2 Kf7 32. Kf2 g6 33. Bg4 Rxh4 34. Be2 Rdh8 35. Bxa6 Ng4+ 36. Kg3 Rh3+ 37. Kxg4 Kf6 0-1

[Event "Khanty-Mansiysk Governor Cup 7th"]
[Site "Khanty-Mansiysk"]
[Date "2011.09.02"]
[Round "3"]
[White "Zhabagin, Majdan"]
[Black "Sedenko, Anatoly Ivanovich"]
[Result "0-1"]
[WhiteElo "1747"]
[BlackElo "2044"]
[PlyCount "92"]
[EventDate "2011.08.31"]
[EventType "swiss"]
[EventRounds "9"]
[EventCountry "RUS"]
[SourceTitle "CBM 144 Extra"]
[Source "ChessBase"]
[SourceDate "2011.10.28"]
[SourceVersion "1"]
[SourceVersionDate "2011.10.28"]
[SourceQuality "1"]

1. e4 Nf6 2. Nc3 d5 3. exd5 Nxd5 4. Nxd5 Qxd5 5. d3 g6 6. Nf3 Bg7 7. c3 0-0 8. Be2 c5 9. 0-0 Nc6 10. Be3 Rd8 11. h3 b6 12. Qd2 Bb7 13. Rfd1 e5 14. Qc2 Rac8 15. Ne1 Qd7 16. Bf3 Qe7 17. a3 Rc7 18. Rab1 Nd4 19. Bxd4 cxd4 20. Bxb7 Rxb7 21. cxd4 Rxd4 22. Nf3 Rd8 23. Re1 Qd6 24. Rbd1 Rc7 25. Qb3 Rc5 26. Ng5 Rd5 27. Re3 h6 28. Ne4 Qe7 29. Kf1 Kh7 30. g4 f5 31. gxf5 gxf5 32. Nc3 R5d7 33. f4 Qc5 34. Ke2 exf4 35. Re6 Re7 36. Kf3 Red7 37. Ne2 Be5 38. Nxf4 Bxf4 39. d4 Qc7 40. Qd3 Rf7 41. Rf1 Qd7 42. d5 Qxe6 43. dxe6 Rxd3+ 44. Kxf4 Rd4+ 45. Ke5 Re4+ 46. Kd6 Rf6 0-1

[Event "Moscow op-E"]
[Site "Moscow"]
[Date "2011.02.04"]
[Round "7.137"]
[White "Sedenko, Anatoly Ivanovich"]
[Black "Glukhov, Mikhail"]
[Result "1-0"]
[WhiteElo "2029"]
[BlackElo "2161"]
[PlyCount "121"]
[EventDate "2011.01.29"]
[EventType "swiss"]
[EventRounds "9"]
[EventCountry "RUS"]
[SourceTitle "EXT 2022"]
[Source "ChessBase"]
[SourceDate "2021.10.06"]
[SourceVersion "1"]
[SourceVersionDate "2021.10.06"]
[SourceQuality "1"]

1. d4 d5 2. Nf3 c5 3. c3 Nf6 4. g3 g6 5. Bg2 Bg7 6. 0-0 0-0 7. Nbd2 cxd4 8. cxd4 Nc6 9. e3 Be6 10. a3 a5 11. b3 Qc8 12. Re1 b5 13. Bb2 Bg4 14. Rc1 Qb7 15. h3 Bxf3 16. Qxf3 e6 17. Qe2 Rfb8 18. Rc2 Ne7 19. Rec1 Ra7 20. e4 dxe4 21. Nxe4 Nxe4 22. Bxe4 Qb6 23. Qe3 Rd7 24. Rc5 Qd8 25. Rd1 Rd6 26. g4 Qd7 27. Bg2 Rd8 28. Bf1 Rb6 29. Ba1 Nd5 30. Qg3 Bf8 31. Rdc1 Bd6 32. Qf3 Rdb8 33. Bb2 Bxc5 34. dxc5 Rc6 35. g5 Qc7 36. b4 axb4 37. axb4 Rb7 38. Ra1 Qd8 39. Bg2 Rd7 40. h4 Rc8 41. Qe4 Qc7 42. Ra5 Qf4 43. Rxb5 Qxe4 44. Bxe4 Ra7 45. Be5 Ra6 46. Rb7 Rac6 47. Bxd5 exd5 48. Rd7 Kf8 49. Rxd5 Ke8 50. Bd6 Ra6 51. b5 Ra1+ 52. Kg2 Rc1 53. b6 Rb1 54. Re5+ Kd7 55. Re7+ Kc6 56. Rxf7 Re8 57. Rxh7 Re2 58. Rc7+ Kd5 59. b7 Reb2 60. Rg7 Rxb7 61. Rxg6 1-0

[Event "Moscow op-E"]
[Site "Moscow"]
[Date "2011.02.01"]
[Round "4.218"]
[White "Bilan, Danila"]
[Black "Sedenko, Anatoly Ivanovich"]
[Result "0-1"]
[WhiteElo "1805"]
[BlackElo "2029"]
[PlyCount "116"]
[EventDate "2011.01.29"]
[EventType "swiss"]
[EventRounds "9"]
[EventCountry "RUS"]
[SourceTitle "EXT 2022"]
[Source "ChessBase"]
[SourceDate "2021.10.06"]
[SourceVersion "1"]
[SourceVersionDate "2021.10.06"]
[SourceQuality "1"]

1. e4 Nf6 2. e5 Nd5 3. d4 d6 4. c4 Nb6 5. exd6 exd6 6. Nc3 Be7 7. Be2 0-0 8. Nf3 Bg4 9. b3 Nc6 10. 0-0 Re8 11. Be3 Bf6 12. h3 Bh5 13. Re1 h6 14. Qd2 Bg6 15. Bd3 Bxd3 16. Qxd3 d5 17. c5 Nc8 18. Re2 N8e7 19. Rae1 Ng6 20. Qf5 Nce7 21. Qg4 c6 22. h4 Qc8 23. Qxc8 Rexc8 24. g3 Nf5 25. h5 Nf8 26. g4 Nxe3 27. fxe3 Ne6 28. Nd1 Re8 29. Nf2 Re7 30. Nd3 Rae8 31. Kf2 Kf8 32. a4 g5 33. b4 a6 34. Nfe5 Kg7 35. Kf1 Nf8 36. Kg2 Bxe5 37. Nxe5 f6 38. Nd3 Nd7 39. a5 f5 40. gxf5 Nf6 41. Ne5 Nxh5 42. Rh1 Nf6 43. Kf3 Rxe5 44. dxe5 Rxe5 45. Reh2 Rxf5+ 46. Ke2 h5 47. Rf2 Re5 48. Kd3 h4 49. Rhf1 Re6 50. Rg2 Kg6 51. Rh1 Kh5 52. Ke2 g4 53. Rgh2 h3 54. Rf2 Ne4 55. Rf5+ Kg6 56. Rf4 Ng3+ 57. Kf2 Nxh1+ 58. Kg1 g3 0-1

[Event "Yugra Region-ch"]
[Site "Khanty-Mansiysk"]
[Date "2011.01.17"]
[Round "4"]
[White "Sedenko, Anatoly Ivanovich"]
[Black "Teterin, Alexander"]
[Result "1/2-1/2"]
[WhiteElo "2029"]
[BlackElo "2115"]
[PlyCount "125"]
[EventDate "2011.01.15"]
[EventType "swiss"]
[EventRounds "7"]
[EventCountry "RUS"]
[SourceTitle "EXT 2012"]
[Source "ChessBase"]
[SourceDate "2011.11.24"]
[SourceVersion "1"]
[SourceVersionDate "2011.11.24"]
[SourceQuality "1"]

1. Nf3 d5 2. d4 Nc6 3. Bg5 Nf6 4. Bxf6 exf6 5. e3 Bg4 6. a3 Bd6 7. Nc3 Be6 8. Bd3 a6 9. 0-0 Ne7 10. e4 0-0 11. b4 c6 12. e5 fxe5 13. dxe5 Bc7 14. Re1 Ng6 15. Bxg6 hxg6 16. Qd2 Bg4 17. Ng5 f6 18. h3 Bf5 19. exf6 Qxf6 20. Rac1 Rad8 21. h4 Be5 22. Na4 Bc8 23. g3 Bd4 24. Rf1 Ba7 25. Rce1 Bd4 26. c3 Be5 27. f4 Bd6 28. Qd4 Rde8 29. Nc5 Qxd4+ 30. cxd4 b6 31. Nd3 a5 32. Ne5 axb4 33. axb4 Bxb4 34. Rb1 c5 35. Nxg6 Rf6 36. Ne5 Bc3 37. dxc5 bxc5 38. Ngf3 Bf5 39. Rb3 d4 40. Rc1 Rc8 41. Rbxc3 dxc3 42. Rxc3 Rb6 43. g4 Be4 44. Ng5 Bd5 45. Rd3 Rb1+ 46. Kf2 Rb2+ 47. Ke3 Rb3 48. Kd2 Rxd3+ 49. Nxd3 c4 50. Nc1 c3+ 51. Kc2 Kf8 52. Ne2 Rc4 53. Nxc3 Bg2 54. Kd2 Ke7 55. Ne2 Bf1 56. Ng3 Rxf4 57. Ke3 Rxg4 58. Nxf1 Rxh4 59. Ng3 Ra4 60. N5e4 Ra1 61. Kf4 g6 62. Ke5 Ra5+ 63. Kf4 1/2-1/2

[Event "Voronezh op-B 14th"]
[Site "Voronezh"]
[Date "2010.06.13"]
[Round "2"]
[White "Sedenko, Anatoly Ivanovich"]
[Black "Potapov, Alexander"]
[Result "0-1"]
[WhiteElo "2047"]
[BlackElo "2186"]
[PlyCount "110"]
[EventDate "2010.06.12"]
[EventType "swiss"]
[EventRounds "9"]
[EventCountry "RUS"]
[SourceTitle "CBM 137 Extra"]
[Source "ChessBase"]
[SourceDate "2010.09.01"]
[SourceVersion "1"]
[SourceVersionDate "2010.09.01"]
[SourceQuality "1"]

1. Nf3 d5 2. c4 e6 3. e3 Nf6 4. Be2 Be7 5. 0-0 0-0 6. b3 b6 7. Bb2 Bb7 8. d3 Nbd7 9. cxd5 Nxd5 10. Nbd2 Bf6 11. d4 c5 12. Ne4 Be7 13. Ng3 Rc8 14. dxc5 Rxc5 15. Nd4 a6 16. Bf3 N7f6 17. b4 Rc4 18. a3 Qa8 19. Be2 Nc3 20. Qb3 Nxe2+ 21. Ndxe2 Bd5 22. Qd3 b5 23. f3 Rd8 24. Nd4 Rcc8 25. Rfc1 Bc4 26. Qb1 Qb8 27. Rd1 Bd6 28. Kf2 Bxg3+ 29. hxg3 Nh5 30. g4 Qg3+ 31. Kg1 Nf6 32. Nc6 Rxd1+ 33. Qxd1 Qc7 34. Bxf6 Qxc6 35. Be7 Qc7 36. Bd6 Qd8 37. Qd4 f6 38. Rc1 e5 39. Qd1 Qe8 40. Rc2 e4 41. Qd4 exf3 42. gxf3 Rd8 43. e4 h5 44. gxh5 Qxh5 45. Qb6 Re8 46. Qc6 Bf7 47. Kg2 f5 48. Qc5 Qg6+ 49. Kf1 fxe4 50. Rg2 Qf6 51. f4 Qa1+ 52. Kf2 e3+ 53. Kf3 Qf1+ 54. Kg3 Qxg2+ 55. Kxg2 e2 0-1

[Event "Khanty-Mansiysk Governor Cup-B 5th"]
[Site "Khanty-Mansiysk"]
[Date "2009.11.27"]
[Round "4"]
[White "Bakin, Alexander1111"]
[Black "Sedenko, Anatoly Ivanovich"]
[Result "1-0"]
[WhiteElo "2251"]
[BlackElo "2073"]
[PlyCount "79"]
[EventDate "2009.11.24"]
[EventType "swiss"]
[EventRounds "11"]
[EventCountry "RUS"]
[SourceTitle "EXT 2011"]
[Source "ChessBase"]
[SourceDate "2010.11.26"]
[SourceVersion "1"]
[SourceVersionDate "2010.11.26"]
[SourceQuality "1"]

1. d4 Nf6 2. Nf3 e6 3. g3 b6 4. Bg2 Bb7 5. 0-0 c5 6. c4 cxd4 7. Qxd4 Bc5 8. Qd1 0-0 9. Nc3 Bc6 10. Bf4 d6 11. a3 a5 12. Na4 e5 13. Nxc5 exf4 14. Nd3 fxg3 15. hxg3 a4 16. Nb4 Be4 17. Qd4 Re8 18. Rfd1 Ra7 19. Rd2 h6 20. Rad1 Rd7 21. Bh3 Rc7 22. Qxb6 Qe7 23. Qxd6 Qxd6 24. Rxd6 Rxc4 25. Nd2 Rc5 26. Rxf6 Bc2 27. Nxc2 Rxc2 28. Rb6 Rd8 29. Bf5 Rc5 30. Bd3 Nd7 31. Rd6 Rc7 32. Bb5 Ra7 33. Ne4 Rb8 34. Rxd7 Rxd7 35. Bxd7 Rxb2 36. e3 Ra2 37. Rd3 Ra1+ 38. Kg2 Rc1 39. Bxa4 Rc4 40. Rd4 1-0

[Event "Moscow op-B"]
[Site "Moscow"]
[Date "2009.02.07"]
[Round "8"]
[White "Sedenko, Anatoly Ivanovich"]
[Black "Rubanov, Sergey"]
[Result "1-0"]
[WhiteElo "2073"]
[BlackElo "1788"]
[PlyCount "83"]
[EventDate "2009.01.31"]
[EventType "swiss"]
[EventRounds "9"]
[EventCountry "RUS"]
[SourceTitle "EXT 2012"]
[Source "ChessBase"]
[SourceDate "2011.11.24"]
[SourceVersion "1"]
[SourceVersionDate "2011.11.24"]
[SourceQuality "1"]

1. Nf3 Nf6 2. d4 g6 3. c4 Bg7 4. Nc3 d5 5. cxd5 Nxd5 6. e4 Nxc3 7. bxc3 c5 8. Bb5+ Bd7 9. Bxd7+ Qxd7 10. 0-0 cxd4 11. cxd4 0-0 12. Be3 Rd8 13. Rb1 e6 14. Qb3 b6 15. Rfd1 Nc6 16. d5 Na5 17. dxe6 Qxe6 18. Qxe6 fxe6 19. Bg5 Rxd1+ 20. Rxd1 h6 21. Bf4 g5 22. Be5 Rc8 23. h3 Nc6 24. Rc1 Ne7 25. Rd1 Nc6 26. Rc1 Ne7 27. Rxc8+ Nxc8 28. Kf1 Kf7 29. Ke2 Ne7 30. Bxg7 Kxg7 31. Nd4 Kf6 32. Ke3 Nc8 33. Nc6 b5 34. Kd4 h5 35. g3 h4 36. gxh4 gxh4 37. f4 a6 38. Kc5 Kg6 39. Ne5+ Kf6 40. Nf3 Ke7 41. e5 Kf7 42. Nxh4 1-0

[Event "Khanty-Mansiysk Governor Cup-B 4th"]
[Site "Khanty-Mansiysk"]
[Date "2008.10.23"]
[Round "11"]
[White "Abramov, Alexander"]
[Black "Sedenko, Anatoly Ivanovich"]
[Result "0-1"]
[WhiteElo "2226"]
[BlackElo "2055"]
[PlyCount "58"]
[EventDate "2008.10.15"]
[EventType "swiss"]
[EventRounds "11"]
[EventCountry "RUS"]
[SourceTitle "EXT 2022"]
[Source "ChessBase"]
[SourceDate "2021.10.06"]
[SourceVersion "1"]
[SourceVersionDate "2021.10.06"]
[SourceQuality "1"]

1. e4 c5 2. Nf3 a6 3. c4 d6 4. d4 cxd4 5. Nxd4 g6 6. Be2 Bg7 7. 0-0 Nc6 8. Be3 Nf6 9. Nc3 0-0 10. Rc1 Ne5 11. h3 Bd7 12. f4 Nc6 13. Qd2 Rc8 14. b3 Nxd4 15. Bxd4 Bc6 16. Qe3 Bh6 17. g4 e5 18. Bb6 Bxf4 19. Rxf4 exf4 20. Bxd8 fxe3 21. Bxf6 b5 22. h4 Rfe8 23. Bd3 h6 24. Nd1 Bxe4 25. Bxe4 Rxe4 26. Nc3 Rxg4+ 27. Kh2 bxc4 28. b4 Re8 29. Ne2 Re6 0-1

[Event "Khanty-Mansiysk Governor Cup-B 4th"]
[Site "Khanty-Mansiysk"]
[Date "2008.10.21"]
[Round "9"]
[White "Sedenko, Anatoly Ivanovich"]
[Black "Churaev, Vadim"]
[Result "1-0"]
[WhiteElo "2055"]
[BlackElo "2170"]
[PlyCount "61"]
[EventDate "2008.10.15"]
[EventType "swiss"]
[EventRounds "11"]
[EventCountry "RUS"]
[SourceTitle "EXT 2022"]
[Source "ChessBase"]
[SourceDate "2021.10.06"]
[SourceVersion "1"]
[SourceVersionDate "2021.10.06"]
[SourceQuality "1"]

1. Nf3 Nf6 2. d4 e6 3. g3 c5 4. Bg2 Nc6 5. 0-0 cxd4 6. Nxd4 Bc5 7. Nb3 Be7 8. c4 d5 9. cxd5 Nxd5 10. a3 0-0 11. Qc2 Bd7 12. e4 Nf6 13. Rd1 Rc8 14. Nc3 Ne5 15. h3 Nc4 16. Nd2 Qc7 17. Nxc4 Qxc4 18. Be3 b6 19. Bg5 Qc7 20. Qe2 h6 21. Bxf6 Bxf6 22. e5 Bxe5 23. Rxd7 Qxd7 24. Qxe5 Qd2 25. Ne4 Qc2 26. g4 Rfd8 27. Re1 Rd5 28. Qf4 Qxb2 29. Nd6 Rxd6 30. Qxd6 a5 31. Qd7 1-0

[Event "Khanty-Mansiysk Governor Cup-B 4th"]
[Site "Khanty-Mansiysk"]
[Date "2008.10.18"]
[Round "5"]
[White "Sedenko, Anatoly Ivanovich"]
[Black "Sazonova, Elena"]
[Result "0-1"]
[WhiteElo "2055"]
[BlackElo "2195"]
[PlyCount "56"]
[EventDate "2008.10.15"]
[EventType "swiss"]
[EventRounds "11"]
[EventCountry "RUS"]
[SourceTitle "EXT 2022"]
[Source "ChessBase"]
[SourceDate "2021.10.06"]
[SourceVersion "1"]
[SourceVersionDate "2021.10.06"]
[SourceQuality "1"]

1. Nf3 c5 2. c4 Nc6 3. Nc3 d6 4. d4 cxd4 5. Nxd4 Nf6 6. Nxc6 bxc6 7. g3 g6 8. Bg2 Bd7 9. 0-0 Bg7 10. Rb1 0-0 11. e4 Rb8 12. h3 Be6 13. b3 Nd7 14. Bb2 Qa5 15. Nd5 cxd5 16. cxd5 Qxa2 17. Bxg7 Kxg7 18. Qd4+ Kg8 19. dxe6 fxe6 20. Qc4 Nc5 21. Ra1 Qxb3 22. Qxb3 Rxb3 23. Rxa7 Kf7 24. Rd1 Rb6 25. h4 Rfb8 26. Rd2 Rb1+ 27. Kh2 R1b7 28. Raa2 Nb3 0-1

[Event "Khanty-Mansiysk Governor Cup"]
[Site "Khanty-Mansiysk"]
[Date "2007.11.23"]
[Round "3"]
[White "Sedenko, Anatoly Ivanovich"]
[Black "Belozerov, Andrei"]
[Result "0-1"]
[WhiteElo "2081"]
[BlackElo "2549"]
[PlyCount "64"]
[EventDate "2007.11.21"]
[EventType "swiss"]
[EventRounds "9"]
[EventCountry "RUS"]
[SourceTitle "CBM 121 Extra"]
[Source "ChessBase"]
[SourceDate "2008.01.10"]
[SourceVersion "1"]
[SourceVersionDate "2008.01.10"]
[SourceQuality "1"]

1. Nf3 Nf6 2. c4 g6 3. Nc3 Bg7 4. e4 d6 5. h3 0-0 6. d4 c5 7. d5 e6 8. Be2 exd5 9. exd5 Bf5 10. g4 Be4 11. g5 Bxf3 12. Bxf3 Re8+ 13. Be3 Nfd7 14. h4 Bd4 15. Qd2 Ne5 16. Be2 Bxe3 17. fxe3 Nbd7 18. 0-0-0 a6 19. e4 Qa5 20. h5 b5 21. hxg6 fxg6 22. cxb5 c4 23. bxa6 Nc5 24. Qd4 Qxa6 25. Rh3 Re7 26. Kc2 Rb7 27. Rb1 Rab8 28. b3 cxb3+ 29. axb3 Qa3 30. Bc4 Nxb3 31. Rxb3 Rxb3 32. Nb5 Qa2+ 0-1